• 首页
  • 本馆介绍
  • 公告通知
  • 最新文献
  • 馆藏检索
  • 电子资源
  • 读者导购
  • 参考咨询
  • 我的图书馆
  • 登录
  • 详细信息显示
  • 放入我的书架
  • 预约/预借图书
  • 作者相关作品
  • 分类相关作品
  • 丛书相关作品
  • 出版社相关作品

书目信息

  • 表格格式
  • 工作单格式
  • 卡片格式
题名:
电工学
    
 
作者: ;哈尔滨工业大学电工学教研室 编
分册: 下册  
出版信息: 北京   水利电力出版社  1978
页数: 1055-1824页
开本: 20cm
丛书名:
单 册:
中图分类: TM1
科图分类:
主题词: 电工--理论
电子资源:
ISBN:
000 00709nam0 2200229 45
001 0178002302
005 20070721110313.75
010    @dCNY2.30
091    @a15143.3341
100    @a19950731d1978 em y0chiy0121 ea
101 0  @achi
102    @aCN@b110000
105    @ay z 000yy
200 10 @a电工学@Adian gong xue@h下册@f哈尔滨工业大学电工学教研室编@Fha er bin gong ye da xue dian gong xue jiao yan shi bian
210    @a北京@c水利电力出版社@d1978
215    @a1055-1824页@d20cm
300    @a电气工人适用
606 0  @a电工@x理论
690    @aTM1@v4
711 02 @a哈尔滨工业大学电工学教研室@Aha er bin gong ye da xue dian gong xue jiao yan shi@4编
801  0 @aCN@bNLC@c20070721
905    @dTM1@e112:3
    
    电工学.下册/哈尔滨工业大学电工学教研室编.-北京:水利电力出版社,1978
    1055-1824页;20cm
    电气工人适用
    
    ISBN :CNY2.30
    
●
相关链接 在E读中查询图书 在五车中查询图书 在当当中查询图书 在豆瓣中查询图书


正题名:电工学     索取号:TM1/112:3         预约/预借

序号 登录号 条形码 馆藏地/架位号 状态 备注
1 0008663   202341153   密集书库/ [索取号:TM1/112:3] 在馆    
2 0008665   202278551   密集书库/ [索取号:TM1/112:3] 在馆    
3 0008666   202188328   密集书库/ [索取号:TM1/112:3] 在馆    
4 0008667   202273360   密集书库/ [索取号:TM1/112:3] 在馆    
5 0008669   000799871   第三借阅区/ [索取号:TM1/112:3] 在馆    
6 0008670   202163602   密集书库/ [索取号:TM1/112:3] 在馆    
7 0008672   202273324   密集书库/ [索取号:TM1/112:3] 在馆    
8 0008674   202341224   密集书库/ [索取号:TM1/112:3] 在馆    
9 0008675   202327892   密集书库/ [索取号:TM1/112:3] 在馆    
10 0063911   202163675   密集书库/ [索取号:TM1/112:3] 在馆    
11 0063912   202163611   密集书库/ [索取号:TM1/112:3] 在馆    
12 0063913   202341215   密集书库/ [索取号:TM1/112:3] 在馆    
13 0422048   204220486   密集书库/ [索取号:TM1/112:3] 在馆    
14 0438104   204381043   密集书库/ [索取号:TM1/112:3] 在馆    
15 0769266   207692665   密集书库/ [索取号:TM1/112:3] 在馆    
唐山师范学院图书馆 欢迎您!
大连网信软件有限公司© 版权所有